| 000 | 00814nam a2200253 a 4500 | ||
|---|---|---|---|
| 003 | CO-ViMGA | ||
| 005 | 20230915233128.0 | ||
| 008 | 140329s2012 sp a gr 0001j spa d | ||
| 020 | _a9788498714029 | ||
| 040 |
_aCO-ViMGA _bspa _cCO-ViMGA |
||
| 090 | _aA CAMM | ||
| 100 | 1 | 0 |
_aCampanari, Jos _923202 |
| 245 | 1 | 3 |
_aEl mundo en los ojos _cJos Čampanari & Simona Mulazzani |
| 250 | _aEdicin̤ especial para El Ministerio de Cultura | ||
| 260 |
_aBogot _bOQO Editora _c2015 |
||
| 300 |
_a[11] pg̀inas _bilustraciones _c17cm |
||
| 490 | 0 | _aLeer es mi cuento | |
| 490 | 0 | _aNanOQOs | |
| 650 | 1 | 4 |
_aLibros ilustrados para niños _2LEMB _987 |
| 650 | 1 | 4 |
_aℓlbumes infantiles argentinos _2LEMB _918705 |
| 650 | 1 | 4 |
_aOrganos de los sentidos _2LEMB _923206 |
| 700 | 1 | 0 |
_aMulazzani, Simona _923205 |
| 942 |
_2ddc _cBK |
||
| 999 |
_c3973 _d3973 |
||